000 00233nam a22000857a 4500
008 160926b xxu||||| |||| 00| 0 eng d
100 _9749
_aBala Subramanian.P.
245 _aBridges Reader-7
260 _aNew Delhi
_bFrank Publications
_c2012
999 _c3406
_d3406